Летіли орли з чотирьох вітрів (Запис № 580641)

МАРК-запис
000 -Лідер
fixed length control field 01984 a2200241 4500
001 - Контрольний номер
control field 2162214035926770
003 - Ідентифікатор контрольного номера
control field UA-OsUOA
005 - Дата та час останнього входження (трансакції)
control field 20260505095828.0
008 - Елементи даних фіксованої довжини – загальна інформація
fixed length control field 260504b un a|||| |||| 00| p ukr d
040 ## - Джерело каталогізації
Агенція оригінальної каталогізації UA-OsUOA
Мова каталогізації ukr
Агенція, яка здійснювала перезапис UA-OsUOA
Агенція, яка здійснювала модифікацію UA-OsUOA
041 ## - Код мови
Код мови тексту/ звукової доріжки чи окремого заголовка (П) ukr
080 ## - Індекс Універсальної десяткової класифікації
Індекс Універсальної десяткової класифікації (УДК) (НП) 821.161.2
090 ## - Локальний шифр розміщення
Класифікаційний індекс УДК 821.161.2
Авторський знак (НП) C91
100 ## - Основне введення – ім’я особи
Ім’я особи (НП) Сухар І.
9 (RLIN) 25174
245 ## - Відомості про назву
Назва (НП) Летіли орли з чотирьох вітрів
Решта назви (НП) Співаник
Дані про відповідальність (НП) Іван Сухар
260 ## - Публікація, розповсюдження і т.п. (Вихідні дані)
Місце публікації, розповсюдження і т.п. (П) Гуляйполе
Ім’я/ наймення видавництва, розповсюджувача і т.п. (П) Гуляйпільська друкарня
Дата публікації, розповсюдження і т.п. (П) 1995
300 ## - Фізичний опис
Обсяг 112 с.
520 ## - Резюме і т.п.
Резюме, реферат, анотація, тощо (НП) «Летіли орли з чотирьох вітрів» — перша авторська збірка пісень поета-дисидента Івана Сухаря, що побачила світ у 1995 році. Книга є синтезом поетичного слова та народної мелодики, де автор виступає і як поет, і як композитор.<br/>Центральною темою є козацька слава, незнищенність українського духу та віра у вільне майбутнє держави. До збірки увійшли маршові козацькі пісні, ліричні твори про рідний край та філософські роздуми. Твори стилістично наближені до українського фольклору, що зробило їх популярними серед народних хорів та ансамблів. Збірка стала символом духовного відродження Запорізького краю після десятиліть радянської цензури.
650 ## - Додаткове предметне введення – тематичний термін
Тематичний термін чи географічна назва, як елемент введення (НП) 82 Література. Літературознавство
9 (RLIN) 15
942 ## - Додаткові елементи входу (Коха)
Тип елемента Koha Книги
Source of classification or shelving scheme Universal Decimal Classification
955 ## - Код типу видання за змістом
Код типу видання за змістом (НП) Літературно-художні видання
Фонди
Стан вилучень Стан втрат Джерело класифікації або схеми стелажів Стан уражень Не для кредиту Код колекції Постійне місце розташування Поточне розміщення Дата придбання Джерело придбання Вартість, звичайна ціна покупки Інвентарний номер Усього замовленно Повний номер виклику Штрих-код Дата останнього перегляду Вартість, ціна заміни Ціна ефективна від Тип елемента Koha
    Universal Decimal Classification     Колекція Шевчука Валерія АБ - Абонемент НБ АБ - Абонемент НБ 04/05/2026 Акт №24/28.04.2026 15.00 169898   821.161.2 C91 169898 04/05/2026 15.00 04/05/2026 Книги